[Event "Bonn GSK"]
[Site "Bonn"]
[Date "1994.??.??"]
[Round "7"]
[White "Kengis, Edvins"]
[Black "Dokhoian, Yury"]
[Result "1-0"]
[WhiteElo "2565"]
[BlackElo "2590"]
[Annotator "Von Gleich,A"]
[PlyCount "109"]
[EventDate "1994.??.??"]
[EventType "tourn"]
[EventRounds "9"]
[EventCountry "GER"]
[EventCategory "12"]
[SourceTitle "CBM 040"]
[Source "ChessBase"]
[SourceDate "1994.06.01"]
[SourceVersion "1"]
[SourceVersionDate "1994.06.01"]
[SourceQuality "1"]

1. Nf3 {Horn,Pe} d5 2. g3 c5 3. Bg2 Nc6 4. O-O e5 5. d3 Be7 6. e4 d4 7. a4 Bg4
8. h3 $6 (8. Na3 Qd7 9. Qe1) 8... Be6 9. Na3 Qd7 10. Nc4 f6 11. Kh2 $6 (11. Nh4
Bxh3 $2 (11... Bd8 12. Nf5 Bc7 13. f4 $14) (11... g6 12. f4 $1 {/\ f4-f5}) (
11... g5 {Horn,Pe} 12. Nf5 Bxf5 13. exf5 Qxf5 14. f4 $44) 12. Qh5+ Kd8 (12...
g6 {Horn,Pe} 13. Nxg6 $18) 13. Ng6 Bg4 14. Qh2 $18) (11. Ne1 {Horn,Pe} O-O-O
$13 (11... Bxh3 $4 12. Qh5+ $18)) 11... Bd8 12. Ne1 $6 (12. Nh4 $1 {Horn,Pe
Kengis}) 12... Bc7 13. f4 exf4 14. Bxf4 (14. gxf4 {Horn,Pe} g5) 14... O-O-O $6
(14... h5 $1 $17 {nimmt der weißen Dame das Feld h5, Schwarz der h5-h4 droht ,
steht klar besser; Horn,Pe, Kengis}) 15. Qh5 $1 g5 16. Bxc7 Qxc7 17. e5 $1 Nxe5
(17... Bxc4 $6 18. dxc4 Nxe5 19. b3 {/\ Ne1-d3. Weiß hat Kompensation für den
Bauern, da er die Diagonale h1-a8 und die halboffene f-Linie beherrscht, und
der Ng8 sich nur schwerlich entwickeln kann.}) 18. Nxe5 Qxe5 (18... fxe5 $2 {
Horn,Pe} 19. Qxg5 $16) 19. Nf3 Qc7 (19... Qe3 $4 {Horn,Pe} 20. Rae1 $18) 20.
Nd2 Bf7 (20... Bd5 {Horn,Pe} 21. Bxd5 Rxd5 22. Qe8+ Rd8 23. Qe6+ Kb8 24. Ne4
$44) (20... h6 {Horn,Pe} 21. Rae1 Bf7 22. Qg4+ $44) 21. Qf3 Bd5 $6 (21... h5 $1
{Horn,Pe /\ h4 Kengis}) 22. Ne4 $2 (22. Qg4+ Kb8 23. Bxd5 Rxd5 24. Ne4 $44 {
Horn,Pe Kengis} f5 $2 25. Qxg5 $1 $18 (25. Rxf5 $4 Nh6 $19)) 22... h5 23. Kg1
Rh7 24. Rae1 (24. Qf5+ $5 {Horn,Pe} Kb8 $1 (24... Qd7 25. Nxc5 (25. Nxf6 Nxf6 (
25... Qxf5 26. Rxf5 Nxf6 27. Rxf6 Bxg2 28. Kxg2 Rd5 29. Re1 $16) 26. Qxf6 Bxg2
27. Kxg2 Qd5+ 28. Kh2 Re8) 25... Qxf5 26. Rxf5 Bxg2 27. Kxg2 Rc7 (27... Ne7 28.
Rxf6 Nd5)) 25. Nxf6 $2 (25. Rae1 {->game}) 25... Nxf6 26. Qxf6 Rf7 27. Qxg5 (
27. Qg6 Qxg3 $19) 27... Rg7 28. Qf4 Rxg3 $19) 24... Kb8 25. Qf5 $5 {Weiß
spekuliert auf die Zeitnot des Gegners und verkompliziert die Lage.} (25. Qf2
$1 Rf7 26. c3 dxc3 27. bxc3 Bxe4 28. Rxe4 Rxd3 29. Re8+ Rd8 30. Rxd8+ Qxd8 31.
Qxc5 $44) 25... Rf7 (25... Bxe4 {Horn,Pe} 26. Rxe4 (26. Qxe4 Re7) 26... Re7 $13
) (25... Re7 {Horn,Pe} 26. Nxf6) 26. Qg6 Ne7 $2 (26... h4 $17 27. gxh4 (27. g4
{Horn,Pe} Ne7 28. Qh6 f5 (28... Ng8 29. Qg6 Ne7 $10) 29. gxf5 (29. Nxg5 Qg3 30.
Nf3 (30. Rf2 Bxg2) 30... fxg4 $19) 29... Nxf5 30. Qg6 Ne3 31. Rxf7 Bxf7 $17)
27... gxh4 28. Kh1 Ne7 29. Qh5 Rg8 {Schwarz hat den Mehrbauern und den Angriff
!}) (26... Rg7 $1 {Horn,Pe} 27. Qxh5 Bxe4 28. Rxe4 Qxg3 $13) 27. Qxh5 f5 28.
Kh2 (28. Nxg5 $2 {Horn,Pe} Qxg3 29. Rf2 Rg7 $19) 28... g4 $2 (28... f4 $1 29.
Nxg5 (29. Kg1 Nf5) (29. gxf4 gxf4 $17 (29... Rxf4 $2 30. Rxf4 Qxf4+ 31. Kg1 $10
)) 29... fxg3+ 30. Kg1 Rxf1+ 31. Rxf1 (31. Bxf1 g2 32. Bxg2 Qg3 (32... Qg3 33.
Re2 Rg8 34. Ne4 Bxe4 35. dxe4 Ng6 $17)) 31... Bxg2 32. Kxg2 (32. Ne6 Qd6) 32...
Nd5 33. Ne6 Ne3+ 34. Kg1 Qc6 35. Qe5+ Kc8 36. Rf3 Re8 37. Qxc5 Rxe6 38. Rf8+
Kd7 $17 {Horn,Pe Kengis} 39. Rf7+ Kd8 40. Rf8+ (40. Qxa7 Qg2#) 40... Re8 41.
Rxe8+ Qxe8 42. Qxd4+ Kc8) (28... Rg7 $2 {Horn,Pe} 29. Nxg5 Bxg2 30. Kxg2 Rdg8
31. h4 $16) 29. Ng5 $1 Rf6 30. Bxd5 Nxd5 31. Ne6 Qa5 (31... Rxe6 32. Rxe6 Ne3
33. Rxf5 $1 $16 Nxf5 34. Qxf5) 32. Nxd8 Qd2+ 33. Kg1 (33. Kh1 $1 Rh6 34. Re8 $1
Rxh5 35. Ne6#) 33... Ne3 34. Rxe3 Qxe3+ 35. Kg2 Qe2+ (35... Qd2+ {Horn,Pe} 36.
Rf2 $1 gxh3+ 37. Qxh3) 36. Kg1 Qe3+ 37. Kg2 Qe2+ 38. Rf2 gxh3+ 39. Qxh3 Qe7 40.
Qh4 (40. Qh8 {Horn,Pe} Rf8) 40... Kc8 (40... Qxd8 41. Rxf5 {Horn,Pe} Rf8 42.
Qxd8+ Rxd8 43. Rxc5 $18) 41. Qg5 Kxd8 42. Rxf5 Rxf5 43. Qxf5 Qe2+ 44. Qf2 Qd1
45. Qf8+ Kd7 46. Qxc5 Qe2+ 47. Kh3 Qf1+ 48. Kh4 Qh1+ 49. Kg5 Qc1+ 50. Kg6 Qxb2
51. Qb5+ Qxb5 52. axb5 a5 53. bxa6 bxa6 54. Kf5 Kd6 55. Ke4 (55. Ke4 Kc5 56. g4
a5 57. g5 a4 58. g6 a3 59. g7 a2 60. g8=Q a1=Q 61. Qc4+ (61. Qd5+ {Horn,Pe} Kb4
62. Qxd4+ $18) 61... Kb6 62. Qxd4+) 1-0